000 03665cam a22012734i 4500
003 PE-LiUPU
005 20250813185614.0
008 150706s r 000 0 d
020 _a9789972513428
035 _a(Sirsi) i9789972513428
040 _aPE-LiUPU
_bspa
_cPE-LiUPU
_erda
049 _aPRUA
082 0 4 _a309.185
_bNHP
_221
245 0 1 _aNo hay país más diverso :
_bcompendio de antropología Peruana II /
_ceditado por Carlos Iván Degregori
264 1 _aLima :
_bInstituto de Estudios Peruanos,
_c2012.
300 _a434 páginas ;
_c22 cm.
336 _atext
_2rdacontent
337 _aunmediated
_2rdamedia
338 _avolume
_2rdacarrier
490 0 _aPerú Problema ;
_v37
504 _aIncluye bibliografía.
505 0 _aEtnología en un terreno desigual: encuentros andinos, 1532-1985 -- Antropología y antropólogos en el Perú: discursos y prácticas en la representación del indio, 1940-1990 -- Uchuraccay y el Perú profundo de Mario Vargas Llosa -- La ley y la posibilidad de la diferencia: la antropología jurídica peruana entre la justicia y la ley -- Migraciones o movilidad social desterritorializada -- Hacia una antropología de la música: la etnomusicología en el Perú -- Imagen y visualidad en la antropología peruana -- Estudios de parentesco y organización social en los andes -- Una manera de vivir y de actuar en el mundo: estudios de chamanismo en la Amazonía.
526 _aP202
526 _aP201
526 _aP163
526 _aP162
526 _aP161
526 _aP160
526 _aP148
526 _aP147
526 _aP146
526 _aP145
526 _aP144
526 _aP143
526 _aP142
526 _aP141
526 _aP140
526 _aP139
526 _aP138
526 _aP137
526 _aP136
526 _aP135
526 _aP134
526 _aP133
526 _aP129
526 _aP128
526 _aP127
526 _aP120
526 _aP119
526 _aP118
526 _aP116
526 _aP115
526 _aP114
526 _aP110
526 _aP109
526 _aP108
526 _aP104
526 _aP103
526 _aP102
526 _aP99
526 _aP98
526 _aP97
526 _aP96
526 _aP95
526 _aP93
526 _aP90
526 _aP89
526 _aP88
526 _aP83
526 _aP82
526 _aP62
526 _aP59
526 _aP58
526 _aP57
526 _aP51
526 _aP49
526 _aP48
526 _aP47
526 _aP29
526 _aP24
526 _aP20
526 _aP19
526 _aP17
526 _aP15
526 _aP14
526 _aP12
526 _aP10
526 _aP09
526 _aP08
526 _aP07
526 _aP06
526 _aP05
526 _aP04
526 _aP01
650 0 4 _aAntropología
_zPerú.
650 0 4 _aCultura andina
_zPerú.
650 0 4 _aCultura amazónica.
700 1 _aDegregori, Carlos Iván,
_d1945- ,
_eed.
700 1 _aSendón, Pablo F.,
_eed.
700 1 _aSandoval, Pablo,
_eed.
710 2 _aInstituto de Estudios Peruanos (Lima)
710 2 _aUniversidad del Pacífico (Lima). Centro de Investigación
710 2 _aPontificia Universidad Católica del Perú
910 _agl
942 _2ddc
_cBOOK
949 _a309.185 NHP 2
_wDEWEY
_c1
_i65345
_lCCODEBUL1
_mBUL
_p13.00
_r0
_sY
_tBOOK
_u2015-7-6
_xINGENIERIA
_o.STAFF. Colección General
999 _c53914
_d53914
980 _81
_gALBERTO SANCHEZ Responsable de Automatización